Основы управления персоналом: учебное пособие

Détails bibliographiques
Auteur principal: Егоршин А. П.
Résumé:Учебное пособие «Основы управления персоналом» содержит основные термины и определения, концептуальные схемы и таблицы, методические положения, формулы и принципы, освещает методы работы с персоналом, отечественный и зарубежный опыт, включает тесты и конкретные ситуации, резюме и контрольные вопросы по специальности «Управление персоналом». Кроме того, даются рекомендации по самостоятельной работе студентов различных форм обучения. Предназначается для студентов вузов, слушателей курсов по управлению персоналом, а также преподавателей.
Langue:russe
Publié: Москва, Инфра-М, 2006
Édition:2-е изд., перераб. и доп.
Collection:Высшее образование
Sujets:
Format: Livre
KOHA link:https://koha.lib.tpu.ru/cgi-bin/koha/opac-detail.pl?biblionumber=120765

MARC

LEADER 00000nam0a2200000 4500
001 120765
005 20231031125135.0
010 |a 5160027637 
035 |a (RuTPU)RU\TPU\book\130769 
090 |a 120765 
100 |a 20070904d2006 m y0rusy50 ca 
101 0 |a rus 
102 |a RU 
105 |a a j 001zy 
200 1 |a Основы управления персоналом  |e учебное пособие  |f А. П. Егоршин 
205 |a 2-е изд., перераб. и доп. 
210 |a Москва  |c Инфра-М  |d 2006 
215 |a 352 с.  |c ил. 
225 1 |a Высшее образование 
320 |a Глоссарий: с. 342-347. 
320 |a Литература: с. 347-350. 
330 |a Учебное пособие «Основы управления персоналом» содержит основные термины и определения, концептуальные схемы и таблицы, методические положения, формулы и принципы, освещает методы работы с персоналом, отечественный и зарубежный опыт, включает тесты и конкретные ситуации, резюме и контрольные вопросы по специальности «Управление персоналом». Кроме того, даются рекомендации по самостоятельной работе студентов различных форм обучения. Предназначается для студентов вузов, слушателей курсов по управлению персоналом, а также преподавателей. 
610 1 |a экономика 
610 1 |a труд 
610 1 |a персонал 
610 1 |a кадры 
610 1 |a управление 
610 1 |a кадровая политика 
610 1 |a оценка 
610 1 |a расстановка 
610 1 |a адаптация 
610 1 |a обучение 
610 1 |a структура 
610 1 |a регламентация 
610 1 |a НОТ 
610 1 |a научная организация труда 
610 1 |a лидерство 
610 1 |a коллектив 
610 1 |a мотивация 
610 1 |a оплата труда 
610 1 |a деловые коммуникации 
610 1 |a этикет 
610 1 |a эффективность 
610 1 |a оценка 
610 1 |a учебные пособия 
686 |a У9(2)240я73  |v LBC/SL-A  |2 rubbk 
700 1 |a Егоршин  |b А. П. 
801 1 |a RU  |b 63413507  |c 20070904  |g PSBO 
801 2 |a RU  |b 63413507  |c 20150730  |g PSBO 
900 |a Управление персоналом 
900 |a Управление персоналом и организационное поведение 
900 |a Основы управления персоналом 
942 |c BK 
952 |b 080505 
959 |a 53/20070904  |d 3  |e 119,90  |f АНЛ:2  |f ЧЗГЛ:1